000 00321 a2200109 4500
001 ART_6391
005 20260410161825.0
008 260409a
245 1 0 _aGobierno municipal y gestión de la ciudad
100 1 _aRamírez, Norberto L.
773 0 _tFACES
_g- Año 7, Nº 11 (may./ago. 2001)
_wREV5046
999 _c22746
_d22746